| 000 | 01264aam a2200505a 44500 | ||
|---|---|---|---|
| 008 | 001108s1999-2003 cat | ||
| 017 | _aB-35784-1999 | ||
| 020 | _a844120232X | ||
| 041 | _acat | ||
| 080 | _a78(03) | ||
| 100 |
_aGiralt i Radigales, J.M. _960872 |
||
| 245 | _aGran enciclopèdia de la música | ||
| 245 | _cJesús Giralt i Radigales (dir.) | ||
| 260 | _aBarcelona | ||
| 260 | _bFundació Enciclopèdia Catalana | ||
| 260 | _c1999-2003 | ||
| 300 |
_a8 v. _c30 cm. |
||
| 365 | _b236.10 | ||
| 365 | _ceuros | ||
| 591 | _aGEM | ||
| 592 | _aObra terminològica | ||
| 593 | _aUM | ||
| 593 | _aUO | ||
| 593 | _aUS | ||
| 594 | _a6793 | ||
| 594 | _a6794 | ||
| 594 | _a7465 | ||
| 594 | _a7466 | ||
| 594 | _a7467 | ||
| 594 | _a7620 | ||
| 594 | _a8856 | ||
| 594 | _a8914 | ||
| 650 |
_aestils musicals _962280 |
||
| 650 |
_ainstruments musicals _961253 |
||
| 650 |
_amúsica _960688 |
||
| 650 |
_amusicologia _969984 |
||
| 650 |
_aprofessions _960470 |
||
| 856 | _uhttps://www.enciclopedia.cat/gran-enciclopedia-de-la-musica | ||
| 901 | _c<1999>-<2003> | ||
| 902 | _a001108 | ||
| 942 |
_cMO _n0 _2ddc |
||
| 999 |
_c59840 _d59840 |
||